It's ... Monty Python's Flying Slideshow (lyrics) Quiz Stats

Quiz not verified by Sporcle

Challenge
Share
Tweet
Score 0/29 Timer 06:00
1 Play Today
% Correct
Lumberjack
96.4%
Barber
89.7%
Rivers
82.4%
Sleep
79.4%
Day
79.2%
Columbia
78.9%
Okay
77.9%
Shopping
77.6%
Lunch
77.4%
Flowers
77.1%
Heels
77.1%
Bra
76.7%
Bars
76.3%
Redwood
73.6%
Clothing
70.6%
% Correct
Scones
70.2%
Leaping
69.4%
Sing
69.4%
Skip
69.2%
Mounties
69.2%
Mama (Papa in later versions)
67.5%
Suspendies
67.2%
Lavatory
59.4%
Fir
51.8%
Timber
46.7%
Girlie
41.7%
Larch
40.9%
Scots
35.2%
Crash
34.8%

You're not logged in!

Compare scores with friends on all Sporcle quizzes.
Sign Up with Email
OR
Log In

You Might Also Like...

Show Comments

Extras

Top Quizzes Today


Score Distribution

Your Account Isn't Verified!

In order to create a playlist on Sporcle, you need to verify the email address you used during registration. Go to your Sporcle Settings to finish the process.